00447nam a2200121Ia 4500008004100000100001800041245005100059245009600110260004900206260000900255650001300264856004800277170221s9999 xx 000 0 und d aKelly R. Rush aNot all prepayment penalties are created equal cKelly R. Rush, Mount Vernon Nazarene University; Chris Neuenschwander, Anderson University. bJournal of Management and Marketing Research c2013 xBusiness uhttp://www.aabri.com/manuscripts/152137.pdf